000 06086cam a2200541 i 4500
001 20751755
003 BJBSDDR
005 20260501164039.0
006 a|||||r|||| 00| 0
007 ta
008 181121s2019 nyua rb 001 0beng
010 _a 2018051780
020 _a9780190459642
_qhardback
035 _a20751755
040 _aDLC
_beng
_cDLC
_erda
_dDLC
041 _aeng
042 _apcc
043 _ae-uk---
050 0 0 _aD15.H63
_bE92e 2019
082 0 0 _a907.2/02
_223
084 _aBIO000000
_aBIO006000
_aHIS010020
_2bisacsh
100 1 _aEvans, Richard J.
_q(Richard John),
_d1947-
_947881
245 1 0 _aEric Hobsbawm :
_bA Life in History /
_cRichard J. Evans.
264 1 _aNew York :
_bOxford University Press,
_c[2019]
264 4 _c©2019
300 _axiii, 785 pages :
_billustrations (some color) ;
_c25 cm
336 _atext
_btxt
_2rdacontent
337 _aunmediated
_bn
_2rdamedia
338 _avolume
_bnc
_2rdacarrier
504 _aIncludes bibliographical references and index.
505 8 _aMachine generated contents note: -- Preface-- Chapter 1: 'The English Boy' 1917-1933 -- Chapter 2: 'Ugly as Sin, but a Mind' 1933-1936 -- Chapter 3: 'A Freshman who Knows Everything' 1936-1939 -- Chapter 4: 'A Left-Wing Intellectual in the British Army' 1939-1946 -- Chapter 5: 'Outsider in the Movement' 1946-1954 -- Chapter 6: 'A Dangerous Character' 1954-1962 -- Chapter 7: 'Paperback Writer' 1962-1975 -- Chapter 8: 'Intellectual Guru' 1975-1987 -- Chapter 9: 'Jeremiah' 1987-1999 -- Chapter 10: 'National Treasure' 1999-2012.
520 _a" Eric Hobsbawm's works have had a nearly incalculable effect across generations of readers and students, influencing more than the practice of history but also the perception of it. Born in Alexandria, Egypt, of second-generation British parents, Hobsbawm was orphaned at age fourteen in 1931. Living with an uncle in Berlin, he experienced the full force of world economic depression, and in the charged reaction to it in Germany was forced to choose between Nazism and Communism, which was no choice at all. Hobsbawm's lifelong allegiance to Communism inspired his pioneering work in social history, particularly the trilogy for which he is most famous--The Age of Revolution, The Age of Capital, and The Age of Empire--covering what he termed "the long nineteenth century" in Europe. Selling in the millions of copies, these held sway among generations of readers, some of whom went on to have prominent careers in politics and business. In this comprehensive biography of Hobsbawm, acclaimed historian Richard Evans (author of The Third Reich Trilogy, among other works) offers both a living portrait and vital insight into one of the most influential intellectual figures of the twentieth century. Using exclusive and unrestricted access to the unpublished material, Evans places Hobsbawm's writings within their historical and political context. Hobsbawm's Marxism made him a controversial figure but also, uniquely and universally, someone who commanded respect even among those who did not share-or who even outright rejected-his political beliefs. Eric Hobsbawm: A Life in History gives us one of the 20th century's most colorful and intellectually compelling figures. It is an intellectual life of the century itself."--
_cProvided by publisher.
520 _a"This biography of Eric Hobsbawm offers new insight into one of the most influential intellectual figures of the twentieth century. Born in Alexandria, Egypt, of second-generation British parents, Hobsbawm was orphaned at 14 in 1931. Living with an uncle in Berlin, he experienced the full catastrophic force of world economic depression. In this frenetic atmosphere the only political choice was between Nazism and Communism. As a non-German and a Jew, the Nazi Party was out of the question and Hobsbawm's lifelong allegiance to Communism was formed. As a radical student and then young academic at Cambridge, Hobsbawm became a pioneer of social history. Eventually he gained international fame for the trilogy that he wrote over the course of decades, covering what he termed "the long nineteenth century"--The Age of Revolution, The Age of Capital, and The Age of Empire. Some have even argued that these comprehensive surveys, which ranged across the entire continent of Europe, changed the way history could be written. They held sway not only among historians but generations of general readers, some who went on to have prominent careers in politics or business. As a committed Marxist, which defined and guided his perspective on history, Hobsbawm was a controversial figure but also, almost uniquely and universally, someone who commanded respect even among those who did not share, or who even outright rejected, his political beliefs. Eric Hobsbawm: A Life in History deepens our understanding of the significant influence both Marxism and Communism have had on leading twentieth-century intellectuals, and brings to life one of its most colorful and intellectually compelling practitioners. It is an intellectual life of the twentieth century itself"--
_cProvided by publisher.
600 1 0 _aHobsbawm, E. J.
_q(Eric J.),
_d1917-2012.
650 0 _aHistorians
_zGreat Britain
_vBiography.
650 0 _aCommunist college teachers
_zGreat Britain
_vBiography.
650 0 _aCommunism and intellectuals
_zGreat Britain
_xHistory
_y20th century.
650 0 _aJews, German
_zGreat Britain
_vBiography.
650 7 _aBIOGRAPHY & AUTOBIOGRAPHY / General.
_2bisacsh
650 7 _aBIOGRAPHY & AUTOBIOGRAPHY / Historical.
_2bisacsh
650 7 _aHISTORY / Europe / Western.
_2bisacsh
655 7 _aBiographies.
_2lcgft
_0https://id.loc.gov/authorities/genreForms/gf2014026049
906 _a7
_bcbc
_corignew
_d1
_eecip
_f20
_gy-gencatlg
942 _2lcc
_n0
_cBK
946 _illh
999 _c126993
_d126993